000 00413nam a2200181Ia 4500
003 OSt
005 20220830094623.0
008 210210b1933 xxu||||| |||| 00| 0 eng d
040 _cAL
041 _aeng
082 _a940/5
100 _aADAMS (J T)
_956046
245 _aEpic of America
260 _aNew York
_bGarden City
_c1933
690 _aEuropean History
_956047
906 _a025075
942 _2ddc
_cBK
999 _c150907
_d150907